| 000 | 00435cam a22001097a 4500 | ||
|---|---|---|---|
| 008 | 180718b1984 xxu||||| |||| 00| 0 eng d | ||
| 082 | _aT19065x5445 E/1977 | ||
| 245 |
_aReport on economic census, Goa Daman and Diu, 1977 _cby Directorate of Planning, Statistics and Evalution |
||
| 260 |
_aPanaji _bGovernment of Goa, Daman and Diu _c1984 |
||
| 300 | _a170p | ||
| 700 | _aGoa, Daman and Diu. Directorate of Planning, Statistics and Evalution | ||
| 999 |
_c497433 _d497433 |
||